Theoretical starting points and contexts of work evaluation for monitoring and identifying needs of economic education for graduates in doctor of medicine study programmes labour market requirements and lifeling education II

Enregistré dans:
Détails bibliographiques
Autres auteurs: Matulčíková, Marta, 1964-, Szarková, Miroslava, 1951-, Králik, Jozef, Bocheńska-Włostowska, Katarzyna
Format: Livre
Langue:anglais
Publié: Warszawa Publishing house Uczelnia Warszawska im. Marii Skłodowskiej-Curie 2017
Édition:1st ed.
Tags: Ajouter un tag
Pas de tags, Soyez le premier à ajouter un tag!

MARC

LEADER 00000nam a2200000 4500
001 0250191
005 20240502083714.2
020 |a 978-83-937651-5-7 
041 0 |a eng 
044 |a PL 
245 1 0 |a Theoretical starting points and contexts of work evaluation for monitoring and identifying needs of economic education for graduates in doctor of medicine study programmes  |b labour market requirements and lifeling education II  |c Marta Matulčíková, Daniela Breveníková ; redakčné a zostavovateľské práce: Marta Matulčíková 
250 |a 1st ed. 
264 1 |a Warszawa  |b Publishing house Uczelnia Warszawska im. Marii Skłodowskiej-Curie  |c 2017 
300 |a 98 s. [5,47 AH] 
700 1 |a Matulčíková, Marta, 1964- 
700 1 |a Szarková, Miroslava, 1951- 
700 1 |a Králik, Jozef 
700 1 |a Bocheńska-Włostowska, Katarzyna